Criminal Law: Criminal Damage - Statistics

General Stats
  • This quiz has been taken 3 times
  • The average score is 7 of 16
Answer Stats
Hint Answer % Correct
Actus Reus Elements Damage
100%
Other offence Arson
67%
Statute Criminal Damage Act 1971
67%
Actus Reus Elements Destroy or
67%
Actus Reus Elements Property
67%
Actus Reus Elements Belonging to another
33%
Defences Consent
33%
Mens Rea Intention
33%
Protection of property
33%
Mens Rea Recklessness
33%
Section S.10(1) CDA 1971
33%
Section S.1(3) CDA 1971
33%
Section S.1 CDA 1971
33%
Section S.5 CDA 1971
33%
Mens Rea To property being damaged
33%
Mens Rea To property belonging to another
33%
No matching quizzes found
Score Distribution
Percent of People with Each Score
Percentile by Number Answered
Your Score History
You have not taken this quiz